|
|
|
|
| LEADER |
00000nam0a2200000 4500 |
| 001 |
351397 |
| 005 |
20231102010411.0 |
| 035 |
|
|
|a (RuTPU)RU\TPU\retro\6429
|
| 090 |
|
|
|a 351397
|
| 100 |
|
|
|a 20190604d1933 m y0rusy50 ca
|
| 101 |
0 |
|
|a rus
|
| 102 |
|
|
|a RU
|
| 105 |
|
|
|a a j 001zy
|
| 200 |
1 |
|
|a Механические выпрямители
|e учебное пособие для втузов
|f А. Г. Белявский
|
| 210 |
|
|
|a Москва
|a Ленинград
|c ОНТИ НКТП
|c Государственное энергетическое изд-во
|d 1933
|
| 215 |
|
|
|a 159 с.
|c ил.
|
| 317 |
|
|
|5 63413507: КР-6499
|a Поступил в НТБ в 1987 г. в дар от вдовы ученого Е. К. Завадовской
|
| 320 |
|
|
|a Библиогр.: с. 149-151
|
| 606 |
1 |
|
|a Выпрямители механические
|2 stltpush
|3 (RuTPU)RU\TPU\subj\3913
|9 32251
|
| 610 |
1 |
|
|a вибрационные механические выпрямители
|
| 610 |
1 |
|
|a искровые механические выпрямители
|
| 610 |
1 |
|
|a учебные пособия
|
| 610 |
1 |
|
|a библиотека А. А. Воробьева
|
| 610 |
1 |
|
|a переменный ток
|
| 610 |
1 |
|
|a постоянное напряжение
|
| 610 |
1 |
|
|a колебания
|
| 675 |
|
|
|a 621.314.6(075.8)
|v 4
|
| 700 |
|
1 |
|a Белявский
|b А. Г.
|
| 801 |
|
1 |
|a RU
|b 63413507
|c 20190604
|
| 801 |
|
2 |
|a RU
|b 63413507
|c 20191031
|g RCR
|
| 942 |
|
|
|c BK
|